True revival : (Record no. 3792)

MARC details
000 -LEADER
fixed length control field 00673nam a22001937a 4500
003 - CONTROL NUMBER IDENTIFIER
control field OSt
005 - DATE AND TIME OF LATEST TRANSACTION
control field 20250721012555.0
008 - FIXED-LENGTH DATA ELEMENTS--GENERAL INFORMATION
fixed length control field 250721b |||||||| |||| 00| 0 eng d
020 ## - INTERNATIONAL STANDARD BOOK NUMBER
International Standard Book Number 9780828025720
040 ## - CATALOGING SOURCE
Original cataloging agency DWCL-Main lib
Transcribing agency OC
082 ## - DEWEY DECIMAL CLASSIFICATION NUMBER
Classification number Circ. 248.486732 W463t 2010
100 ## - MAIN ENTRY--PERSONAL NAME
Personal name White, Ellen G.
245 ## - TITLE STATEMENT
Title True revival :
Remainder of title the church's greatest need : selections from the writings of Ellen G. White/
Statement of responsibility, etc. Ellen G. White
260 ## - PUBLICATION, DISTRIBUTION, ETC.
Place of publication, distribution, etc. Hagerstown, MD :
Name of publisher, distributor, etc. Review and Herald Publishing House,
Date of publication, distribution, etc. c2010.
300 ## - PHYSICAL DESCRIPTION
Extent 94 pages :
Dimensions 20 cm.
650 ## - SUBJECT ADDED ENTRY--TOPICAL TERM
Topical term or geographic name entry element 1. Christian life--Seventh Day Adventist authors.
650 ## - SUBJECT ADDED ENTRY--TOPICAL TERM
Topical term or geographic name entry element 2. Revivals.
942 ## - ADDED ENTRY ELEMENTS (KOHA)
Source of classification or shelving scheme Dewey Decimal Classification
Koha item type Book Circulation
Call number prefix Circ.
Suppress in OPAC No
952 ## - LOCATION AND ITEM INFORMATION (KOHA)
--
952 ## - LOCATION AND ITEM INFORMATION (KOHA)
--
Holdings
Withdrawn status Lost status Source of classification or shelving scheme Damaged status Not for loan Home library Current library Shelving location Date acquired Source of acquisition Total Checkouts Full call number Barcode Date last seen Copy number Price effective from Koha item type Uniform Resource Identifier
    Dewey Decimal Classification     College Library College Library Circulation 08/08/2016 Donation   Circ. 248.486732 W463t 2010 CL51396 07/21/2025 c2 07/21/2025 BK-CIRC
    Dewey Decimal Classification     College Library College Library Circulation 08/08/2016 Donation   Circ. 248.486732 W463t 2010 CL51395 07/21/2025 c1 07/21/2025 BK-CIRC